Heat transfer (Record no. 3641)

000 -LEADER
fixed length control field 00564nam a2200229 a 4500
001 - CONTROL NUMBER
control field 3641
003 - CONTROL NUMBER IDENTIFIER
control field BD-DhUET
008 - FIXED-LENGTH DATA ELEMENTS--GENERAL INFORMATION
fixed length control field 960506s1997 nyua b 001 0 eng
020 ## - INTERNATIONAL STANDARD BOOK NUMBER
International Standard Book Number 0071143203
020 ## - INTERNATIONAL STANDARD BOOK NUMBER
International Standard Book Number 0078447852
040 ## - CATALOGING SOURCE
Original cataloging agency DLC
Transcribing agency DLC
Modifying agency BD-DhUET
082 00 - DEWEY DECIMAL CLASSIFICATION NUMBER
Classification number 621.011
Item number HOL/1997
100 1# - MAIN ENTRY--PERSONAL NAME
Personal name Holman, J. P.
245 10 - TITLE STATEMENT
Title Heat transfer
250 ## - EDITION STATEMENT
Edition statement 8th ed.
260 ## - PUBLICATION, DISTRIBUTION, ETC. (IMPRINT)
Place of publication, distribution, etc. New York
Name of publisher, distributor, etc. McGraw-Hill
Date of publication, distribution, etc. 1997
300 ## - PHYSICAL DESCRIPTION
Extent xviii, 696 p.
Other physical details ill.
490 ## - SERIES STATEMENT
Series statement Schaum's outline series
504 ## - BIBLIOGRAPHY, ETC. NOTE
Bibliography, etc Includes bibliographies
650 #0 - SUBJECT ADDED ENTRY--TOPICAL TERM
Topical term or geographic name as entry element Heat transfer
942 ## - ADDED ENTRY ELEMENTS (KOHA)
Koha item type General Book
Holdings
Copy number Koha out on loan Source of classification or shelving scheme Price effective from Sublocation or collection (holding branch) Date acquired Koha full call number Lost status Koha issues (times borrowed) Not for loan Piece designation (barcode) Koha item type Damaged status Shelving location Koha date last seen Koha date last borrowed Location (home branch) Withdrawn status Koha normalized classification for sorting
12025-05-11 2014-11-03Central Library, BUET2014-11-03621.011/HOL/1997 3 92450General Book Circulation section2025-04-272025-04-27Central Library, BUET 621_011000000000000_HOL_1997
2  2014-11-03Central Library, BUET2014-11-03621.011/HOL/1997   92452General Book Circulation section2014-11-03 Central Library, BUET 621_011000000000000_HOL_1997
3  2014-11-03Central Library, BUET2014-11-03621.011/HOL/1997   92453General Book Circulation section2016-07-30 Central Library, BUET 621_000000000000000_011HOL1997
4  2014-11-03Central Library, BUET2014-11-03621.011/HOL/1997 1 92454General Book Circulation section2022-06-082022-01-09Central Library, BUET 621_000000000000000_011HOL1997
5  2014-11-03Central Library, BUET2014-11-03621.011/HOL/1997 2 92455General Book Circulation section2024-10-282024-10-02Central Library, BUET 621_000000000000000_011HOL1997
6  2014-11-03Central Library, BUET2014-11-03621.011/HOL/1997 3 92457General Book Circulation section2024-08-312023-12-10Central Library, BUET 621_000000000000000_011HOL1997
7  2014-11-03Central Library, BUET2014-11-03621.011/HOL/1997   92459General Book Circulation section2014-11-03 Central Library, BUET 621_000000000000000_011HOL1997
8  2014-11-03Central Library, BUET2014-11-03621.011/HOL/1997 1 92460General Book Circulation section2024-08-282024-03-12Central Library, BUET 621_011000000000000_HOL_1997
9  2014-11-03Central Library, BUET2014-11-03621.011/HOL/1997 1 92461General Book Circulation section2024-06-222024-04-08Central Library, BUET 621_000000000000000_011HOL1997
10  2014-11-03Central Library, BUET2014-11-03621.011/HOL/1997 5 92462General Book Circulation section2025-03-122024-12-10Central Library, BUET 621_000000000000000_011HOL1997
11  2014-11-03Central Library, BUET2014-11-03621.011/HOL/1997 1 92464General Book Circulation section2017-05-032015-03-04Central Library, BUET 621_000000000000000_011HOL1997
12  2014-11-03Central Library, BUET2014-11-03621.011/HOL/1997 3 92465General Book Circulation section2019-07-102019-06-17Central Library, BUET 621_000000000000000_011HOL1997
13  2014-11-03Central Library, BUET2014-11-03621.011/HOL/1997 3 92466General Book Circulation section2022-06-082022-05-24Central Library, BUET 621_000000000000000_011HOL1997
14  2015-04-12Central Library, BUET2015-04-12621.011 HOL/1997   92468General Book Circulation section2015-04-12 Central Library, BUET 621_011000000000000_HOL_1997
15  2015-07-02Central Library, BUET2015-07-02621.011/HOL/1997   92447Reading Item Reading section2015-07-02 Central Library, BUET 621_011000000000000_HOL_1997
16  2015-07-09Central Library, BUET2015-07-09621.011/HOL/1997   92446Reading Item Reading section2015-07-09 Central Library, BUET 621_011000000000000_HOL_1997